| 000 -LEADER |
| fixed length control field |
01121cam a2200325 i 4500 |
| 003 - CONTROL NUMBER IDENTIFIER |
| control field |
OSt |
| 005 - DATE AND TIME OF LATEST TRANSACTION |
| control field |
20200316165951.0 |
| 008 - FIXED-LENGTH DATA ELEMENTS--GENERAL INFORMATION |
| fixed length control field |
121023s2012 sz a b 001 0 eng d |
| 020 ## - INTERNATIONAL STANDARD BOOK NUMBER |
| International Standard Book Number |
9783034608091 |
| 082 04 - DEWEY DECIMAL CLASSIFICATION NUMBER |
| Classification number |
711.4 |
| Item number |
KNO |
| 100 1# - MAIN ENTRY--PERSONAL NAME |
| Personal name |
Knox, Paul L. |
| 245 10 - TITLE STATEMENT |
| Title |
Palimpsests : |
| Remainder of title |
biographies of 50 city districts : international case studies of urban change / |
| Statement of responsibility, etc |
Paul L. Knox. |
| 246 30 - VARYING FORM OF TITLE |
| Title proper/short title |
Biographies of 50 city districts |
| 246 30 - VARYING FORM OF TITLE |
| Title proper/short title |
International case studies of urban change |
| 260 ## - PUBLICATION, DISTRIBUTION, ETC. (IMPRINT) |
| Place of publication, distribution, etc |
Basel, Switzerland : |
| Name of publisher, distributor, etc |
Birkhäuser, |
| Date of publication, distribution, etc |
©2012. |
| 300 ## - PHYSICAL DESCRIPTION |
| Extent |
279 pages : |
| Other physical details |
color illustrations ; |
| Dimensions |
28 cm |
| 504 ## - BIBLIOGRAPHY, ETC. NOTE |
| Bibliography, etc |
Includes bibliographical references and index. |
| 650 #0 - SUBJECT ADDED ENTRY--TOPICAL TERM |
| Topical term or geographic name as entry element |
Sociology, Urban |
| Geographic subdivision |
Europe. |
| 650 #0 - SUBJECT ADDED ENTRY--TOPICAL TERM |
| Topical term or geographic name as entry element |
Sociology, Urban |
| Geographic subdivision |
North America. |
| 650 #0 - SUBJECT ADDED ENTRY--TOPICAL TERM |
| Topical term or geographic name as entry element |
Cities and towns |
| Geographic subdivision |
Europe. |
| 650 #0 - SUBJECT ADDED ENTRY--TOPICAL TERM |
| Topical term or geographic name as entry element |
Cities and towns |
| Geographic subdivision |
North America. |
| 650 #0 - SUBJECT ADDED ENTRY--TOPICAL TERM |
| Topical term or geographic name as entry element |
Urbanization |
| Geographic subdivision |
Europe. |
| 650 #0 - SUBJECT ADDED ENTRY--TOPICAL TERM |
| Topical term or geographic name as entry element |
Urbanization |
| Geographic subdivision |
North America. |
| 650 #7 - SUBJECT ADDED ENTRY--TOPICAL TERM |
| Topical term or geographic name as entry element |
Cities and towns. |
| Source of heading or term |
fast |
| 650 #7 - SUBJECT ADDED ENTRY--TOPICAL TERM |
| Topical term or geographic name as entry element |
Sociology, Urban. |
| Source of heading or term |
fast |
| 650 #7 - SUBJECT ADDED ENTRY--TOPICAL TERM |
| Topical term or geographic name as entry element |
Urbanization. |
| Source of heading or term |
fast |
| 651 #7 - SUBJECT ADDED ENTRY--GEOGRAPHIC NAME |
| Geographic name |
Europe. |
| Source of heading or term |
fast |
| 651 #7 - SUBJECT ADDED ENTRY--GEOGRAPHIC NAME |
| Geographic name |
North America. |
| Source of heading or term |
fast |
| 942 ## - ADDED ENTRY ELEMENTS (KOHA) |
| Source of classification or shelving scheme |
|